| 000 | 01105nam a22003017a 4500 | ||
|---|---|---|---|
| 999 |
_c22496 _d22496 |
||
| 003 | AR-CdUCM | ||
| 008 | 190409b ||||| |||| 00| 0 spa d | ||
| 020 | _a9786124391286 | ||
| 040 |
_aMUNICIPALIDAD PROVINCIAL DEL CUSCO _cBIBLIOTECA MUNICIPAL DEL CUSCO |
||
| 082 |
_a394.250985/R76 _bR76 |
||
| 100 |
_aRoel Mendizábal, Pedro _948327 |
||
| 245 |
_aEl carnaval rural andino : _bfiesta de la vida y la fertilidad / _cPedro Roel Mendizabal, Juan Carlos La Serna Salcedo, Pablo Molina Palomino |
||
| 260 |
_aLima : _bMinisterio de Cultura, _c2020. |
||
| 300 |
_a314 páginas : _bilustraciones en color, facsímiles ; _c24 cm. |
||
| 500 | _zBibliografía: páginas 303-314. | ||
| 650 |
_aCarnaval _915465 |
||
| 650 |
_aRegión Andina _915505 |
||
| 650 |
_aVida y costumbres sociales _9857 |
||
| 650 |
_aMúsica y baile _948328 |
||
| 650 |
_aHuánuco _91885 |
||
| 650 |
_aPuno _93897 |
||
| 650 |
_aJunín _948329 |
||
| 700 |
_aLa Serna Salcedo, Juan Carlos _948330 |
||
| 700 |
_aMolina Palomino, Pablo _948331 |
||
| 710 |
_aMinisterio de Cultura Perú _948332 |
||
| 942 |
_2ddc _cLIBROS |
||
| 945 | _arac | ||